Municipalities of Tokyo - Statistics

General Stats
  • This quiz has been taken 112 times
  • The average score is 36 of 63
Answers on the Map
Answers color-coded by a green-red scale on the quiz's map according to % correct below.
 
Answer Stats
Answer % Correct
Shibuya
87%
Shinjuku
85%
Minato
84%
Edogawa
77%
Kita
77%
Nerima
77%
Shinagawa
77%
Chiyoda
75%
Chuo
74%
Koto
74%
Setagaya
74%
Katsushika
72%
Nakano
70%
Toshima
70%
Toshima
70%
Adachi
69%
Arakawa
69%
Hachioji
69%
Ota
69%
Bunkyo
66%
Suginami
66%
Taito
66%
Itabashi
64%
Meguro
64%
Sumida
64%
Ome
62%
Machida
61%
Tama
61%
Mitaka
59%
Okutama
59%
Tachikawa
59%
Hino
54%
Kokubunji
54%
Chofu
52%
Fuchu
52%
Akiruno
51%
Fussa
49%
Musashino
49%
Nishitokyo
49%
Oshima
49%
Higashimurayama
48%
Komae
48%
Ogasawara
48%
Ogasawara
48%
Akishima
46%
Higashikurume
46%
Hinode
46%
Hinohara
46%
Inagi
46%
Kiyose
46%
Koganei
46%
Musashimurayama
44%
Hamura
43%
Higashiyamato
43%
Kodaira
43%
Mizuho
43%
Hachijo
41%
Kunitachi
41%
Aogashima
38%
Miyake
38%
Niijima
31%
Kozushima
30%
Mikurajima
30%
No matching quizzes found
Score Distribution
Percent of People with Each Score
Percentile by Number Answered
Your Score History
You have not taken this quiz